Česko navzdory chytrým technologiím zaostáva v produktivitě práce

Produktivita práce dosahuje v súčasnosti v Česku le 77 percent úrovne Nemecka. Nárast produktivity práce je pritom spájaný predovšetkým so zavádzaním nových technológií.

Enregistré dans:
Détails bibliographiques
Format: Chapitre de livre
Langue:tchèque
Sujets:
Tags: Ajouter un tag
Pas de tags, Soyez le premier à ajouter un tag!

MARC

LEADER 00000naa a2200000 4500
001 0240853
005 20221104111600.6
041 0 |a cze 
044 |a CZ 
245 1 0 |a Česko navzdory chytrým technologiím zaostáva v produktivitě práce 
520 |a Produktivita práce dosahuje v súčasnosti v Česku le 77 percent úrovne Nemecka. Nárast produktivity práce je pritom spájaný predovšetkým so zavádzaním nových technológií. 
610 2 0 |a rast produktivity práce 
610 2 0 |a Česko 
610 2 0 |a Nemecko 
610 2 0 |a technológie nové